000 00310nam a2200121Ia 4500
005 20251222143253.0
008 251222s9999||||xx |||||||||||||| ||spa||
082 _a331.11/K21
100 _aKantorovitch, L. V.
245 0 _aLa Asignación Óptima de los Recursos Económicos
264 _bAriel
942 _cLIB
999 _c15018
_d15018